000 00436cam a2200181ua 4500
020 _c22.00
041 _aeng
_h
082 _a591
_bEKA/MA
100 _aEkambaranatha Ayyar, M .
245 _aManual of zoology, Part 1 /
_cM Ekambaranatha Ayyar.
_hTheses
250 _a2 /
_b.
260 _aChennai :
_bS.Viswanathan ,
_c1964.
300 _a796 ; .
365 _a22.00
504 _a
942 _cBK
999 _c9965
_d9965